[Event "ESP-chT CECLUB Div1"]
[Site "Linares"]
[Date "2020.10.03"]
[Round "1.2"]
[White "Martinez Martin, David"]
[Black "Silva, Luis Neves Da"]
[Result "1-0"]
[WhiteElo "2389"]
[BlackElo "2379"]
[PlyCount "103"]
[EventDate "2020.10.03"]
[EventType "team-tourn"]
[EventRounds "7"]
[EventCountry "ESP"]
[SourceTitle "CBM 198 Extra"]
[Source "ChessBase"]
[SourceDate "2020.11.30"]
[SourceVersion "1"]
[SourceVersionDate "2020.11.30"]
[SourceQuality "1"]
[WhiteTeam "Virgen de Atocha"]
[BlackTeam "Ourense Deportivo"]
[WhiteTeamCountry "ESP"]
[BlackTeamCountry "ESP"]

1. d4 d5 2. c4 e6 3. Nc3 a6 4. cxd5 exd5 5. Bf4 Nf6 6. e3 Bd6 7. Bxd6 Qxd6 8. Bd3 0-0 9. h3 Re8 10. Nf3 Ne4 11. Qc2 Bf5 12. Nh4 Bd7 13. Nxe4 dxe4 14. Bxe4 Qe7 15. Bxh7+ Kh8 16. Nf3 g6 17. Bxg6 fxg6 18. Ne5 Bf5 19. Nxg6+ Bxg6 20. Qxg6 Qb4+ 21. Kf1 Nc6 22. Qh6+ Kg8 23. Qg6+ Kh8 24. Qf6+ Kg8 25. h4 Re7 26. Rh3 Rg7 27. Qe6+ Kh8 28. Qh6+ Kg8 29. Qe6+ Kh8 30. Qb3 Qxb3 31. axb3 Rag8 32. g3 Rf7 33. f4 Re7 34. Kf2 Nb4 35. Rg1 Rge8 36. g4 Nd3+ 37. Kg2 Rxe3 38. Rxe3 Rxe3 39. Rf1 Re4 40. Kg3 Rxd4 41. g5 Nc5 42. Re1 Re4 43. Rxe4 Nxe4+ 44. Kg4 Kg7 45. h5 c5 46. f5 Nf2+ 47. Kf3 Nd3 48. f6+ Kf7 49. Ke4 Nxb2 50. Kf5 Nd3 51. g6+ Kg8 52. f7+ 1-0

[Event "POR-ch"]
[Site "Braga"]
[Date "2018.09.05"]
[Round "4"]
[White "Rego, Pedro Filipe"]
[Black "Silva, Luis Neves Da"]
[Result "1/2-1/2"]
[WhiteElo "2270"]
[BlackElo "2353"]
[PlyCount "69"]
[EventDate "2018.09.02"]
[EventType "tourn"]
[EventRounds "9"]
[EventCountry "POR"]
[EventCategory "3"]
[SourceTitle "CBM 186 Extra"]
[Source "ChessBase"]
[SourceDate "2018.08.24"]
[SourceVersion "1"]
[SourceVersionDate "2018.08.24"]
[SourceQuality "1"]

1. e4 e5 2. Nf3 Nc6 3. d4 exd4 4. Nxd4 Nf6 5. Nc3 Bb4 6. Nxc6 bxc6 7. Bd3 d5 8. exd5 0-0 9. 0-0 Bg4 10. f3 Bh5 11. Bg5 Bxc3 12. bxc3 cxd5 13. Qd2 Qd6 14. Qf4 Qc5+ 15. Qd4 Qxd4+ 16. cxd4 Bg6 17. Rab1 Rfe8 18. Kf2 Re6 19. Rfe1 Bxd3 20. cxd3 Rxe1 21. Kxe1 Nd7 22. Rb7 Nf8 23. Bf4 c6 24. Rb8 Rxb8 25. Bxb8 a6 26. Kd2 Ne6 27. Kc3 Nd8 28. Bc7 Nb7 29. Kd2 Kf8 30. Ke3 Ke7 31. Bb8 Ke6 32. g4 f6 33. h4 Nd8 34. f4 f5 35. g5 1/2-1/2

[Event "Pontevedra op-A 6th"]
[Site "Pontevedra"]
[Date "2018.08.14"]
[Round "9"]
[White "Silva, Luis Neves Da"]
[Black "Ruck, Robert"]
[Result "0-1"]
[WhiteElo "2374"]
[BlackElo "2502"]
[PlyCount "112"]
[EventDate "2018.08.08"]
[EventType "swiss"]
[EventRounds "9"]
[EventCountry "ESP"]
[SourceTitle "EXT 2021"]
[Source "ChessBase"]
[SourceDate "2020.10.23"]
[SourceVersion "1"]
[SourceVersionDate "2020.10.23"]
[SourceQuality "1"]

1. Nf3 d5 2. g3 Nc6 3. d4 Bf5 4. Bg2 Nb4 5. Na3 e6 6. c3 Nc6 7. Nc2 Be7 8. 0-0 Nf6 9. Nce1 h6 10. Nd3 0-0 11. Bf4 Ne4 12. Nd2 Nd6 13. f3 Bxd3 14. exd3 Nf5 15. Qe2 Qd7 16. Rae1 Rae8 17. g4 Bh4 18. gxf5 exf5 19. Qd1 Bxe1 20. Rxe1 g5 21. Bg3 f4 22. Bf2 Rxe1+ 23. Qxe1 Re8 24. Qd1 Ne7 25. h4 f5 26. c4 c6 27. Qa4 Rd8 28. Qxa7 g4 29. fxg4 fxg4 30. Qb6 f3 31. Bh1 Nf5 32. cxd5 g3 33. dxc6 gxf2+ 34. Kxf2 bxc6 35. Nxf3 Qd6 36. Ne5 Rb8 37. Qa7 Rxb2+ 38. Kg1 Qxd4+ 39. Qxd4 Nxd4 40. Nxc6 Ne2+ 41. Kf2 Nc3+ 42. Ke3 Rxa2 43. Bf3 Rh2 44. h5 Kg7 45. Ne5 Rh4 46. d4 Nb5 47. d5 Nd6 48. Nc6 Kf6 49. Kd2 Rh3 50. Ke2 Kg5 51. Ne5 Nf5 52. Kf2 Rh2+ 53. Kg1 Ra2 54. Nd3 Rd2 55. Be4 Ng3 56. Nf2 Rxf2 0-1

[Event "Pontevedra op-A 6th"]
[Site "Pontevedra"]
[Date "2018.08.10"]
[Round "4"]
[White "Prado Lobo, Jonas"]
[Black "Silva, Luis Neves Da"]
[Result "1/2-1/2"]
[WhiteElo "2143"]
[BlackElo "2374"]
[PlyCount "148"]
[EventDate "2018.08.08"]
[EventType "swiss"]
[EventRounds "9"]
[EventCountry "ESP"]
[SourceTitle "EXT 2021"]
[Source "ChessBase"]
[SourceDate "2020.10.23"]
[SourceVersion "1"]
[SourceVersionDate "2020.10.23"]
[SourceQuality "1"]

1. d4 d5 2. c4 e6 3. Nc3 a6 4. cxd5 exd5 5. Bf4 Nf6 6. e3 Bd6 7. Bxd6 Qxd6 8. Bd3 0-0 9. Nge2 Bg4 10. 0-0 Re8 11. Qb3 Bxe2 12. Bxe2 Nbd7 13. Bf3 c6 14. Rac1 Rab8 15. Na4 Re7 16. Rc2 Ne8 17. Rfc1 f5 18. Nc5 Nxc5 19. Rxc5 Nf6 20. Qa3 Rbe8 21. R5c3 Qe6 22. g3 Ne4 23. Bxe4 fxe4 24. Qb3 Rf8 25. Qd1 Rf3 26. Qf1 Ref7 27. R3c2 h5 28. Qg2 R7f6 29. b4 h4 30. a4 hxg3 31. hxg3 R3f5 32. b5 axb5 33. axb5 cxb5 34. Qh3 Rh6 35. Qg4 Qf6 36. Rc8+ Kh7 37. R1c7 Rxf2 38. Qxg7+ Qxg7 39. Rxg7+ Kxg7 40. Kxf2 Rb6 41. Ke2 b4 42. Kd2 b3 43. Kc1 b2+ 44. Kb1 Rb5 45. g4 b6 46. g5 Kg6 47. Rg8+ Kf7 48. Rd8 Ke7 49. g6 Kf6 50. Rd6+ Kg7 51. Re6 Rb3 52. Rd6 Rxe3 53. Rxd5 Kxg6 54. Kxb2 Rd3 55. Kc1 Kf6 56. Kc2 b5 57. Rxb5 Rxd4 58. Ra5 Ke6 59. Rb5 Kd6 60. Rh5 Kc6 61. Re5 Kd6 62. Rh5 Rd3 63. Rg5 Ke6 64. Ra5 Kf6 65. Rb5 Rd8 66. Ra5 Rd7 67. Rb5 Ke6 68. Ra5 Rd5 69. Rxd5 Kxd5 70. Kd2 Kd4 71. Ke2 e3 72. Ke1 Kd3 73. Kd1 e2+ 74. Ke1 Ke3 1/2-1/2

[Event "EU-chT (Men) 21st"]
[Site "Heraklion"]
[Date "2017.11.05"]
[Round "8.3"]
[White "Silva, Luis Neves Da"]
[Black "Ashiku, Franc"]
[Result "1/2-1/2"]
[WhiteElo "2355"]
[BlackElo "2394"]
[PlyCount "112"]
[EventDate "2017.10.28"]
[EventType "team-swiss"]
[EventRounds "9"]
[EventCountry "GRE"]
[SourceTitle "CBM 182"]
[Source "ChessBase"]
[SourceDate "2018.01.17"]
[SourceVersion "1"]
[SourceVersionDate "2018.01.17"]
[SourceQuality "1"]
[WhiteTeam "Portugal"]
[BlackTeam "Albania"]
[WhiteTeamCountry "POR"]
[BlackTeamCountry "ALB"]

1. e4 e6 2. d4 d5 3. Bd3 dxe4 4. Bxe4 Nf6 5. Bf3 c5 6. Ne2 Nc6 7. Be3 cxd4 8. Nxd4 Ne5 9. Nc3 Bb4 10. Ndb5 Bd7 11. a3 Bxc3+ 12. Nxc3 Nxf3+ 13. Qxf3 Qc7 14. 0-0 Bc6 15. Qg3 Qxg3 16. hxg3 Ng4 17. Bd4 f6 18. f3 Nh6 19. a4 Nf5 20. Bf2 Kf7 21. a5 h5 22. Rfd1 h4 23. gxh4 Nxh4 24. Ne4 g5 25. a6 b6 26. Rd6 Rac8 27. Rd2 Ke7 28. Nd6 Rcd8 29. Bxh4 gxh4 30. Rad1 h3 31. Nc4 Rxd2 32. Rxd2 Rg8 33. Kh2 Bb5 34. Ne3 hxg2 35. Nxg2 Bxa6 36. Kg1 Rd8 37. Rxd8 Kxd8 38. Kf2 Ke7 39. Ke3 Bf1 40. Ne1 a5 41. f4 Kd6 42. Nf3 b5 43. Kd4 Bc4 44. Nd2 Bd5 45. Nf1 Bc4 46. Nd2 Be2 47. Ne4+ Ke7 48. Kc5 b4 49. c3 bxc3 50. Nxc3 Bd3 51. Kb6 Kf7 52. Kxa5 Kg6 53. b4 Kf5 54. b5 Bf1 55. b6 Bg2 56. Ne2 e5 1/2-1/2

[Event "EU-chT (Men) 21st"]
[Site "Heraklion"]
[Date "2017.10.29"]
[Round "2.4"]
[White "Silva, Luis Neves Da"]
[Black "Niemi, Kalle"]
[Result "1-0"]
[WhiteElo "2355"]
[BlackElo "2324"]
[PlyCount "91"]
[EventDate "2017.10.28"]
[EventType "team-swiss"]
[EventRounds "9"]
[EventCountry "GRE"]
[SourceTitle "CBM 182"]
[Source "ChessBase"]
[SourceDate "2018.01.17"]
[SourceVersion "1"]
[SourceVersionDate "2018.01.17"]
[SourceQuality "1"]
[WhiteTeam "Portugal"]
[BlackTeam "Finland"]
[WhiteTeamCountry "POR"]
[BlackTeamCountry "FIN"]

1. Nf3 Nf6 2. c4 e6 3. g3 d5 4. d4 dxc4 5. Bg2 Bd7 6. Ne5 Bc6 7. Nxc6 Nxc6 8. 0-0 Qd7 9. e3 Rd8 10. Qe2 e5 11. Qxc4 exd4 12. Bxc6 bxc6 13. exd4 Be7 14. Nc3 0-0 15. Bf4 Qh3 16. Qxc6 Rxd4 17. Qg2 Qd7 18. Rfd1 c5 19. Be3 Rxd1+ 20. Rxd1 Qc7 21. Qf1 Qc6 22. Qc4 Rb8 23. b3 Rb4 24. Nd5 Nxd5 25. Qxd5 Qxd5 26. Rxd5 Rb7 27. Bxc5 Bxc5 28. Rxc5 g6 29. g4 Kg7 30. Kg2 Kf6 31. f4 Rd7 32. Rc6+ Kg7 33. Ra6 h6 34. Kf3 Re7 35. b4 Rc7 36. a3 Rc3+ 37. Ke4 Rc4+ 38. Ke5 Rc7 39. Kd6 Rb7 40. h4 h5 41. g5 Kf8 42. Rc6 Rb5 43. Rc5 Rb7 44. Kc6 Rb6+ 45. Kc7 Re6 46. Re5 1-0

[Event "EU-chT (Men) 21st"]
[Site "Heraklion"]
[Date "2017.10.28"]
[Round "1.4"]
[White "Martinovic, Sasa"]
[Black "Silva, Luis Neves Da"]
[Result "1-0"]
[WhiteElo "2565"]
[BlackElo "2355"]
[PlyCount "61"]
[EventDate "2017.10.28"]
[EventType "team-swiss"]
[EventRounds "9"]
[EventCountry "GRE"]
[SourceTitle "CBM 182"]
[Source "ChessBase"]
[SourceDate "2018.01.17"]
[SourceVersion "1"]
[SourceVersionDate "2018.01.17"]
[SourceQuality "1"]
[WhiteTeam "Croatia"]
[BlackTeam "Portugal"]
[WhiteTeamCountry "CRO"]
[BlackTeamCountry "POR"]

1. d4 d5 2. c4 e6 3. Nc3 Nf6 4. cxd5 exd5 5. Bg5 c6 6. e3 Be7 7. Bd3 Nbd7 8. Qc2 h6 9. Bh4 Nh5 10. Bxe7 Qxe7 11. Nge2 Nb6 12. 0-0-0 Bd7 13. Kb1 0-0-0 14. Nc1 g6 15. Rhe1 Kb8 16. Nb3 Ng7 17. f3 Bf5 18. Bxf5 Nxf5 19. e4 dxe4 20. fxe4 Ng7 21. Qf2 Ka8 22. d5 cxd5 23. exd5 Qd7 24. Ka1 Nf5 25. Nc5 Qc7 26. Nb5 Qb8 27. Rd3 Nc8 28. Rc1 Nfd6 29. Na6 bxa6 30. Nc7+ Kb7 31. Qc5 1-0

[Event "Guimaraes op"]
[Site "Guimaraes"]
[Date "2017.09.06"]
[Round "7"]
[White "Silva, Luis Neves Da"]
[Black "Baptista, Ana Filipa"]
[Result "1-0"]
[WhiteElo "2366"]
[BlackElo "1968"]
[PlyCount "63"]
[EventDate "2017.09.02"]
[EventType "swiss"]
[EventRounds "7"]
[EventCountry "POR"]
[SourceTitle "CBM 180 Extra"]
[Source "ChessBase"]
[SourceDate "2017.10.06"]
[SourceVersion "1"]
[SourceVersionDate "2017.10.06"]
[SourceQuality "1"]

1. c4 Nf6 2. Nc3 e6 3. Nf3 b6 4. g3 Bb7 5. Bg2 Bb4 6. 0-0 0-0 7. Qc2 d6 8. Re1 Bxc3 9. Qxc3 c5 10. d4 cxd4 11. Qxd4 Nc6 12. Qh4 Ne7 13. b3 e5 14. Rd1 Qc7 15. Qg5 h6 16. Qd2 Ne4 17. Qe1 d5 18. Bb2 d4 19. e3 dxe3 20. Qxe3 Nf5 21. Qe2 Rfe8 22. Qc2 Re6 23. Re1 Nfd6 24. Nxe5 Rae8 25. Nf3 Ng5 26. Rxe6 Nxf3+ 27. Bxf3 Bxf3 28. Rxe8+ Nxe8 29. Re1 Bc6 30. Qf5 Qb7 31. Rxe8+ Bxe8 32. Qe5 1-0

[Event "Guimaraes op"]
[Site "Guimaraes"]
[Date "2017.09.05"]
[Round "6"]
[White "Fidalgo, Andre Neves"]
[Black "Silva, Luis Neves Da"]
[Result "1/2-1/2"]
[WhiteElo "2167"]
[BlackElo "2366"]
[PlyCount "101"]
[EventDate "2017.09.02"]
[EventType "swiss"]
[EventRounds "7"]
[EventCountry "POR"]
[SourceTitle "CBM 180 Extra"]
[Source "ChessBase"]
[SourceDate "2017.10.06"]
[SourceVersion "1"]
[SourceVersionDate "2017.10.06"]
[SourceQuality "1"]

1. d4 Nf6 2. c4 e6 3. Nf3 d5 4. g3 Bb4+ 5. Bd2 Bd6 6. Bg2 Nbd7 7. 0-0 c6 8. Nc3 0-0 9. e4 dxe4 10. Ng5 Bc7 11. Ngxe4 Nxe4 12. Nxe4 Nb6 13. Bb4 Re8 14. b3 a5 15. Bc3 Nd7 16. f4 Nf6 17. Qc2 Nxe4 18. Bxe4 h6 19. c5 Qd7 20. Qg2 Bd8 21. Rad1 Bf6 22. h4 h5 23. Rd2 Qe7 24. Bf3 g6 25. Rb1 Bd7 26. Rdd1 Red8 27. Rd3 Be8 28. Qd2 Qc7 29. Rc1 Rd7 30. Qe3 Bg7 31. Qe1 Rdd8 32. Rcd1 Ra7 33. Kg2 Raa8 34. Qd2 Kh7 35. Qe1 Ra7 36. Be4 Kg8 37. Bf3 Bd7 38. Qd2 Bc8 39. Qe1 Bd7 40. Qd2 Rda8 41. Qe1 Qc8 42. Bd2 Bf6 43. Be3 Qf8 44. Be4 Qg7 45. Bf3 Ra6 46. Qd2 Rd8 47. Qe1 Be8 48. Be4 Rda8 49. Bf3 Bd8 50. Bd2 Bf6 51. Be3 1/2-1/2

[Event "Guimaraes op"]
[Site "Guimaraes"]
[Date "2017.09.03"]
[Round "4"]
[White "Pinho, Paulo Miguel"]
[Black "Silva, Luis Neves Da"]
[Result "1-0"]
[WhiteElo "2179"]
[BlackElo "2366"]
[PlyCount "75"]
[EventDate "2017.09.02"]
[EventType "swiss"]
[EventRounds "7"]
[EventCountry "POR"]
[SourceTitle "CBM 180 Extra"]
[Source "ChessBase"]
[SourceDate "2017.10.06"]
[SourceVersion "1"]
[SourceVersionDate "2017.10.06"]
[SourceQuality "1"]

1. d4 Nf6 2. c4 g6 3. Nc3 d5 4. Bf4 Bg7 5. Rc1 Nh5 6. Bd2 dxc4 7. e3 c5 8. dxc5 Nd7 9. Bxc4 Nxc5 10. Qe2 0-0 11. Nf3 Bf5 12. e4 Bxc3 13. bxc3 Bxe4 14. 0-0 Bxf3 15. gxf3 Qc7 16. Bh6 Rfd8 17. Rfe1 e6 18. Qe3 Rd7 19. Bb5 Rd5 20. Bc4 Rf5 21. Rcd1 Na4 22. Rd4 Nb6 23. Bb3 Nf6 24. Red1 Nbd5 25. Qd2 Rh5 26. h4 b5 27. a4 a6 28. Rc1 Rf5 29. c4 bxc4 30. Rdxc4 Qb8 31. Qc2 Nb6 32. Rc6 a5 33. Qe2 Nbd5 34. Bxd5 Nxd5 35. Qb2 f6 36. Rc8+ Qxc8 37. Rxc8+ Rxc8 38. Qb7 1-0

[Event "Famalicao op 5th"]
[Site "Famalicao"]
[Date "2017.08.03"]
[Round "7"]
[White "Silva, Luis Neves Da"]
[Black "Sousa, Hugo Carneiro"]
[Result "1-0"]
[WhiteElo "2331"]
[BlackElo "2017"]
[PlyCount "103"]
[EventDate "2017.07.29"]
[EventType "swiss"]
[EventRounds "9"]
[EventCountry "POR"]
[SourceTitle "EXT 2018"]
[Source "ChessBase"]
[SourceDate "2017.10.13"]
[SourceVersion "1"]
[SourceVersionDate "2017.10.13"]
[SourceQuality "1"]

1. Nf3 e6 2. c4 Nf6 3. d4 d5 4. Nc3 Be7 5. Bf4 0-0 6. e3 c5 7. dxc5 Bxc5 8. Qc2 dxc4 9. Bxc4 b6 10. a3 a5 11. 0-0 Bb7 12. Rfd1 Qe7 13. Bg5 Nbd7 14. Qe2 Rfd8 15. e4 h6 16. Bh4 g5 17. Bg3 Nh5 18. Nb5 Nxg3 19. hxg3 Nf6 20. Nd2 Rd7 21. e5 Ne8 22. Ne4 Rxd1+ 23. Rxd1 Bxe4 24. Qxe4 Rd8 25. Bd3 f5 26. exf6 Qxf6 27. Qe2 Kg7 28. Rd2 e5 29. Nc3 Bd4 30. Ne4 Qf8 31. g4 Rc8 32. g3 Nf6 33. Kg2 Rc6 34. f3 Nxe4 35. Qxe4 Qf6 36. Bc2 Kf8 37. Ba4 Rc1 38. Qa8+ Kg7 39. Bb3 Qf8 40. Qb7+ Kf6 41. Qh7 Rg1+ 42. Kh2 Rc1 43. Bc2 Qg7 44. Qe4 Kf7 45. Bb3+ Kf8 46. Qf5+ Ke7 47. Qe6+ Kd8 48. Qxb6+ Ke8 49. Ba4+ Kf8 50. Qd8+ Kf7 51. Bb3+ Kg6 52. Qe8+ 1-0

[Event "Famalicao op 5th"]
[Site "Famalicao"]
[Date "2017.08.01"]
[Round "5"]
[White "Silva, Luis Neves Da"]
[Black "Santos, Ricardo Alexandre L"]
[Result "1-0"]
[WhiteElo "2331"]
[BlackElo "2019"]
[PlyCount "71"]
[EventDate "2017.07.29"]
[EventType "swiss"]
[EventRounds "9"]
[EventCountry "POR"]
[SourceTitle "EXT 2018"]
[Source "ChessBase"]
[SourceDate "2017.10.13"]
[SourceVersion "1"]
[SourceVersionDate "2017.10.13"]
[SourceQuality "1"]

1. d4 d5 2. c4 c6 3. Nf3 Nf6 4. Nc3 dxc4 5. a4 Bf5 6. Ne5 e6 7. f3 h6 8. e4 Bh7 9. Bxc4 Nfd7 10. Ng4 Bb4 11. 0-0 0-0 12. Be3 h5 13. Nf2 c5 14. d5 exd5 15. Nxd5 Nc6 16. Nh3 Nb6 17. Bg5 Qc8 18. Nxb6 axb6 19. Nf4 Re8 20. Nd5 Ba5 21. Qc1 Kh8 22. Qf4 Ne5 23. Bb5 Re6 24. Qh4 f6 25. Be3 Ng6 26. Qg3 Ne5 27. Qh3 Rd6 28. Qxh5 Rxd5 29. exd5 c4 30. Rac1 Bb4 31. Kh1 Bc5 32. Bf4 Nd3 33. Rxc4 g6 34. Qh6 Qf5 35. Bg3 Qxd5 36. Rh4 1-0

[Event "Famalicao op 5th"]
[Site "Famalicao"]
[Date "2017.07.31"]
[Round "4"]
[White "Galego, Luis"]
[Black "Silva, Luis Neves Da"]
[Result "1-0"]
[WhiteElo "2487"]
[BlackElo "2331"]
[PlyCount "121"]
[EventDate "2017.07.29"]
[EventType "swiss"]
[EventRounds "9"]
[EventCountry "POR"]
[SourceTitle "EXT 2018"]
[Source "ChessBase"]
[SourceDate "2017.10.13"]
[SourceVersion "1"]
[SourceVersionDate "2017.10.13"]
[SourceQuality "1"]

1. Nf3 c5 2. g3 Nc6 3. Bg2 g6 4. 0-0 Bg7 5. c4 e5 6. Nc3 d6 7. d3 Nge7 8. a3 0-0 9. Rb1 a5 10. Ne1 Be6 11. Nc2 d5 12. cxd5 Nxd5 13. Ne4 b6 14. Ng5 Bc8 15. Ne3 Nde7 16. b4 axb4 17. axb4 cxb4 18. Bd2 Rb8 19. Bxb4 Nxb4 20. Rxb4 h6 21. Nf3 Be6 22. Rb5 Bd7 23. Rb1 b5 24. Nd2 Qb6 25. Nd5 Nxd5 26. Bxd5 Kh7 27. Qb3 f5 28. Qb4 Rfc8 29. Rbc1 Bf8 30. Qb2 Qd6 31. Qb3 Be7 32. Rxc8 Rxc8 33. Ra1 Kg7 34. Ra7 Rc7 35. Ra8 Rc1+ 36. Nf1 b4 37. Bg8 Kf6 38. Ra6 Rc6 39. Rxc6 Bxc6 40. Qf7+ Kg5 41. h4+ Kh5 42. Bh7 Bd8 43. Ne3 Qf6 44. Qc4 f4 45. Nf1 Qd6 46. Qg8 Bb6 47. Qf7 fxg3 48. Nxg3+ Kxh4 49. Bxg6 Bxf2+ 50. Kxf2 Qd4+ 51. e3 Qg4 52. Qf6+ Qg5 53. Nf5+ Kh3 54. Qxc6 Kh2 55. Qe4 Qg1+ 56. Ke2 Qxg6 57. Qxe5+ Kg1 58. Qg3+ Qxg3 59. Nxg3 Kg2 60. Nf5 h5 61. e4 1-0

[Event "Famalicao op 5th"]
[Site "Famalicao"]
[Date "2017.07.30"]
[Round "2"]
[White "Fernandez Rivera, Igor"]
[Black "Silva, Luis Neves Da"]
[Result "0-1"]
[WhiteElo "1854"]
[BlackElo "2331"]
[PlyCount "40"]
[EventDate "2017.07.29"]
[EventType "swiss"]
[EventRounds "9"]
[EventCountry "POR"]
[SourceTitle "EXT 2018"]
[Source "ChessBase"]
[SourceDate "2017.10.13"]
[SourceVersion "1"]
[SourceVersionDate "2017.10.13"]
[SourceQuality "1"]

1. e4 c5 2. d4 cxd4 3. c3 dxc3 4. Nxc3 Nc6 5. Nf3 e6 6. Bc4 a6 7. 0-0 b5 8. Bb3 Bb7 9. Nd5 Na5 10. Bf4 d6 11. Rc1 exd5 12. Bxd5 Nf6 13. Bxb7 Nxb7 14. Re1 Be7 15. e5 dxe5 16. Rxe5 0-0 17. Qe2 Bd6 18. Rf5 Bxf4 19. Rxf4 Re8 20. Qc2 Rc8 0-1

[Event "Gaia Profigaia op 17th"]
[Site "Vila Nova de Gaia"]
[Date "2017.06.18"]
[Round "7"]
[White "Silva, Luis Neves Da"]
[Black "Padeiro, Jose Joao Tato"]
[Result "1-0"]
[WhiteElo "2317"]
[BlackElo "2271"]
[PlyCount "163"]
[EventDate "2017.06.14"]
[EventType "swiss"]
[EventRounds "7"]
[EventCountry "POR"]
[SourceTitle "CBM 179 Extra"]
[Source "ChessBase"]
[SourceDate "2017.08.23"]
[SourceVersion "1"]
[SourceVersionDate "2017.08.23"]
[SourceQuality "1"]

1. d4 Nf6 2. c4 e6 3. Nc3 Bb4 4. e3 0-0 5. Bd3 d5 6. cxd5 exd5 7. Nge2 c5 8. 0-0 Nc6 9. a3 cxd4 10. axb4 dxc3 11. b5 Ne5 12. Nxc3 Nxd3 13. Qxd3 Be6 14. Ra4 Re8 15. Bd2 Ne4 16. Qd4 Qb6 17. Nxe4 Qxd4 18. Rxd4 dxe4 19. Rxe4 Bd7 20. Rb4 Re5 21. b6 axb6 22. Rxb6 Rb5 23. Rd6 Bc6 24. Bc3 Rd5 25. Rxd5 Bxd5 26. Rd1 Bb3 27. Rc1 Rc8 28. h4 h5 29. Ra1 b5 30. Ra5 Bc4 31. Kh2 f6 32. Bd4 Kf7 33. Ra7+ Kg6 34. Kg3 Bd3 35. Bc3 Rc4 36. f3 b4 37. Bd4 Rc2 38. Ra1 b3 39. Rg1 Bc4 40. Kf4 Bd5 41. e4 Bc4 42. e5 fxe5+ 43. Bxe5 Be6 44. Bd4 Re2 45. Bc3 Bc8 46. g3 Re7 47. Rd1 Rf7+ 48. Ke3 Bb7 49. f4 Re7+ 50. Be5 Bc8 51. Rd6+ Kf5 52. Rc6 Be6 53. Kd4 Ra7 54. Kc3 Ra1 55. Kb4 g6 56. Bc3 Rd1 57. Ra6 Rd3 58. Ra5+ Rd5 59. Ra1 Kg4 60. Re1 Bf5 61. Kxb3 Kxg3 62. Bf6 Kxf4 63. Bg5+ Kg4 64. Kc4 Rd7 65. b4 Rc7+ 66. Kd5 Bd3 67. Re3 Bb5 68. Be7 Rc2 69. Re5 Bd3 70. Kd4 Bf5 71. b5 Rd2+ 72. Kc5 Rc2+ 73. Kd6 Rb2 74. Bf6 Rb1 75. Kc6 Kf3 76. Bg5 Rb3 77. b6 Bc8 78. Kc7 Rc3+ 79. Kb8 Ba6 80. Ka7 Ra3 81. Re3+ Rxe3 82. Bxe3 1-0

[Event "Gaia Profigaia op 17th"]
[Site "Vila Nova de Gaia"]
[Date "2017.06.16"]
[Round "4"]
[White "Silva, Luis Neves Da"]
[Black "Margarido, Jose Miguel Teixeir"]
[Result "1-0"]
[WhiteElo "2317"]
[BlackElo "2038"]
[PlyCount "43"]
[EventDate "2017.06.14"]
[EventType "swiss"]
[EventRounds "7"]
[EventCountry "POR"]
[SourceTitle "CBM 179 Extra"]
[Source "ChessBase"]
[SourceDate "2017.08.23"]
[SourceVersion "1"]
[SourceVersionDate "2017.08.23"]
[SourceQuality "1"]

1. d4 Nf6 2. Nf3 e6 3. c4 Bb4+ 4. Nbd2 b6 5. a3 Bxd2+ 6. Qxd2 Bb7 7. e3 0-0 8. Be2 Ne4 9. Qc2 f5 10. b4 d6 11. Bb2 Nd7 12. 0-0 Qe7 13. Ne1 Qg5 14. Rd1 Nd2 15. Qxd2 Nf6 16. f3 Qh4 17. Nd3 g5 18. Nf2 Nd7 19. e4 Rae8 20. d5 e5 21. exf5 Rxf5 22. Ne4 1-0

[Event "POR-ch blitz"]
[Site "Almada"]
[Date "2017.06.10"]
[Round "4"]
[White "Amaro, Cristiano Guilherme"]
[Black "Silva, Luis Neves Da"]
[Result "0-1"]
[WhiteElo "1957"]
[BlackElo "2317"]
[PlyCount "52"]
[EventDate "2017.06.10"]
[EventType "swiss (blitz)"]
[EventRounds "11"]
[EventCountry "POR"]
[SourceTitle "CBM 178 Extra"]
[Source "ChessBase"]
[SourceDate "2017.06.22"]
[SourceVersion "1"]
[SourceVersionDate "2017.06.22"]
[SourceQuality "1"]

1. e4 c5 2. Nf3 d6 3. d4 cxd4 4. Nxd4 Nf6 5. Nc3 a6 6. Bg5 Nbd7 7. f4 Qc7 8. Qf3 h6 9. Bh4 g5 10. fxg5 hxg5 11. Bg3 Ne5 12. Bxe5 dxe5 13. Nf5 e6 14. Ng3 Be7 15. 0-0-0 b5 16. Bd3 Bb7 17. h3 0-0-0 18. Kb1 Kb8 19. Qe3 Nd7 20. Rhf1 f6 21. Qf3 Nc5 22. Nh5 f5 23. Ng7 Rd6 24. Qg3 b4 25. Ne2 Nxe4 26. Qxe5 Bf6 0-1

[Event "POR-ch blitz"]
[Site "Almada"]
[Date "2017.06.10"]
[Round "6"]
[White "Andrade, Bruno Miguel Rodrig"]
[Black "Silva, Luis Neves Da"]
[Result "0-1"]
[WhiteElo "2022"]
[BlackElo "2317"]
[PlyCount "114"]
[EventDate "2017.06.10"]
[EventType "swiss (blitz)"]
[EventRounds "11"]
[EventCountry "POR"]
[SourceTitle "CBM 178 Extra"]
[Source "ChessBase"]
[SourceDate "2017.06.22"]
[SourceVersion "1"]
[SourceVersionDate "2017.06.22"]
[SourceQuality "1"]

1. e4 c5 2. Nf3 d6 3. d4 cxd4 4. Nxd4 Nf6 5. Nc3 a6 6. h3 e6 7. g4 Be7 8. Bg2 Nfd7 9. Be3 Nc6 10. Qe2 0-0 11. 0-0 Nxd4 12. Bxd4 b5 13. e5 d5 14. Rad1 b4 15. Na4 a5 16. Qe3 Ba6 17. Rfe1 Qc7 18. c3 Bb5 19. Nb6 Ra6 20. Nxd7 Qxd7 21. f4 Bh4 22. Rf1 bxc3 23. bxc3 Be7 24. f5 exf5 25. gxf5 Bxf1 26. Rxf1 Re8 27. Qf3 Rd8 28. Qg3 Bf8 29. h4 Rh6 30. Bh3 Qe7 31. f6 Qe8 32. Bf5 g6 33. Kh2 Kh8 34. Bc2 Rb8 35. Re1 Rb2 36. Re2 Rh5 37. Kg1 Bh6 38. c4 Rb4 39. Be3 Rxc4 40. Bxh6 Rxh6 41. Bd1 Rcxh4 42. Rg2 Qd8 43. Be2 Qb6+ 44. Rf2 Rh1+ 45. Kg2 R6h2+ 46. Kf3 Rxf2+ 47. Qxf2 Qxf2+ 48. Kxf2 Rh2+ 49. Ke3 d4+ 50. Kd3 h5 51. Bf3 Rf2 52. Bd5 Kg8 53. Kxd4 h4 54. Kc5 h3 55. Kb5 h2 56. Kxa5 Rxa2+ 57. Bxa2 h1Q 0-1

[Event "POR-ch rapid"]
[Site "Mirandela"]
[Date "2017.06.03"]
[Round "6"]
[White "Silva, Luis Neves Da"]
[Black "Pipiras, Filipa Fortuna"]
[Result "1-0"]
[WhiteElo "2317"]
[BlackElo "1641"]
[PlyCount "103"]
[EventDate "2017.06.03"]
[EventType "swiss (rapid)"]
[EventRounds "7"]
[EventCountry "POR"]
[SourceTitle "CBM 178 Extra"]
[Source "ChessBase"]
[SourceDate "2017.06.22"]
[SourceVersion "1"]
[SourceVersionDate "2017.06.22"]
[SourceQuality "1"]

1. d4 d5 2. c4 e6 3. Nf3 Nf6 4. g3 Be7 5. Bg2 0-0 6. 0-0 dxc4 7. Qc2 a6 8. a4 Nc6 9. Qxc4 Qd5 10. Qd3 Nb4 11. Qd1 Qd8 12. Nc3 c5 13. dxc5 Bxc5 14. Bf4 Nbd5 15. Nxd5 Nxd5 16. Bd2 Nf6 17. Qc2 Bd6 18. Rfd1 Qc7 19. Qxc7 Bxc7 20. Rac1 Bb6 21. a5 Bd8 22. Bb4 Re8 23. Ne5 Be7 24. Bxe7 Rxe7 25. Rd8+ Re8 26. Rd6 Kf8 27. Rc7 Re7 28. Rd8+ Ne8 29. Rcxc8 Rxc8 30. Rxc8 f6 31. Nd3 Rd7 32. Rb8 Rc7 33. Bxb7 Ke7 34. Bxa6 Rc2 35. Kf1 Rc6 36. Bb5 Rc7 37. Rxe8+ Kf7 38. Rd8 Ra7 39. Rd7+ Rxd7 40. Bxd7 Ke7 41. a6 Kxd7 42. a7 Kc7 43. a8Q Kb6 44. Qg8 e5 45. Qxg7 e4 46. Qxf6+ Kb5 47. Qe5+ Ka4 48. Qxe4+ Kb3 49. Qb4+ Kc2 50. Qc3+ Kb1 51. b4 Ka2 52. Qb2# 1-0